[Event "Ruhrgebiet Regionalliga 1819"]
[Site "Nordrheinwestfalen"]
[Date "2018.11.11"]
[Round "4.3"]
[White "Linde, Wolfgang"]
[Black "Klasmeier, Jens"]
[Result "1/2-1/2"]
[WhiteElo "2166"]
[BlackElo "2090"]
[PlyCount "61"]
[EventDate "2018.09.02"]
[EventType "team-tourn"]
[EventRounds "11"]
[EventCountry "GER"]
[SourceTitle "EXT 2022"]
[Source "ChessBase"]
[SourceDate "2021.10.06"]
[SourceVersion "1"]
[SourceVersionDate "2021.10.06"]
[SourceQuality "1"]
[WhiteTeam "Welper SV"]
[BlackTeam "Borbeck Weisse Dame"]
[WhiteTeamCountry "GER"]
[BlackTeamCountry "GER"]

1. e4 e5 2. Nf3 Nc6 3. Bb5 a6 4. Bxc6 dxc6 5. 0-0 Bg4 6. h3 h5 7. d3 Qf6 8. Nbd2 g5 9. Nc4 Bxf3 10. Qxf3 Qxf3 11. gxf3 f6 12. h4 gxh4 13. f4 b5 14. Na5 exf4 15. Bxf4 Kd7 16. Kh1 Bd6 17. Be3 Ne7 18. Nb3 Rag8 19. a4 Rg4 20. axb5 axb5 21. Nc5+ Bxc5 22. Bxc5 Ng6 23. Ra7 Nf4 24. Bd4 Ne2 25. Bxf6 Rf8 26. e5 Nd4 27. Rg1 Rxg1+ 28. Kxg1 Rg8+ 29. Kh2 Nf3+ 30. Kh3 Rg4 31. Ra8 1/2-1/2

[Event "Ruhrgebiet Regionalliga 1819"]
[Site "Nordrheinwestfalen"]
[Date "2018.10.28"]
[Round "3.3"]
[White "Klasmeier, Jens"]
[Black "Stricker, Florian"]
[Result "1/2-1/2"]
[WhiteElo "2090"]
[BlackElo "2037"]
[PlyCount "91"]
[EventDate "2018.09.02"]
[EventType "team-tourn"]
[EventRounds "11"]
[EventCountry "GER"]
[SourceTitle "EXT 2022"]
[Source "ChessBase"]
[SourceDate "2021.10.06"]
[SourceVersion "1"]
[SourceVersionDate "2021.10.06"]
[SourceQuality "1"]
[WhiteTeam "Borbeck Weisse Dame"]
[BlackTeam "Bochum SG II"]
[WhiteTeamCountry "GER"]
[BlackTeamCountry "GER"]

1. e4 d6 2. d4 Nd7 3. Nc3 Ngf6 4. Nf3 e5 5. g4 Nxg4 6. Rg1 exd4 7. Nxd4 Nde5 8. h3 Nf6 9. f4 Ng6 10. Be3 d5 11. Qd3 c6 12. 0-0-0 Bb4 13. Nxd5 Nxd5 14. exd5 Qxd5 15. c4 Qd6 16. f5 Ne5 17. Qe4 Qe7 18. Rxg7 Ng6 19. Nxc6 Bxf5 20. Qxf5 bxc6 21. Bg5 Qe6 22. Qxe6+ fxe6 23. Bg2 Ne7 24. Bxe7 Bxe7 25. Bxc6+ Kf8 26. Rg4 Rc8 27. Bd7 Rc5 28. Rf1+ Rf5 29. Rxf5+ exf5 30. Bxf5 h5 31. Re4 Rg8 32. Re2 Rg3 33. Kc2 h4 34. a3 Kf7 35. Rd2 Kf6 36. Bd7 Ke5 37. Re2+ Kd6 38. Bg4 Bg5 39. c5+ Kc7 40. a4 a5 41. Re6 Be3 42. c6 Bf4 43. b3 Re3 44. Rxe3 Bxe3 45. Kd3 Bc5 46. Bf3 1/2-1/2

[Event "Ruhrgebiet Regionalliga 1718"]
[Site "Germany"]
[Date "2018.02.11"]
[Round "6.3"]
[White "Dargel, Manuel"]
[Black "Klasmeier, Jens"]
[Result "0-1"]
[WhiteElo "2150"]
[BlackElo "2095"]
[PlyCount "80"]
[EventDate "2017.10.01"]
[EventType "team-tourn"]
[EventRounds "9"]
[EventCountry "GER"]
[SourceTitle "EXT 2022"]
[Source "ChessBase"]
[SourceDate "2021.10.06"]
[SourceVersion "1"]
[SourceVersionDate "2021.10.06"]
[SourceQuality "1"]
[WhiteTeam "Hamm Koenigsspringer"]
[BlackTeam "Borbeck Weisse Dame"]
[WhiteTeamCountry "GER"]
[BlackTeamCountry "GER"]

1. c4 e6 2. Nc3 d5 3. d4 c5 4. cxd5 exd5 5. Nf3 Nc6 6. g3 c4 7. Bg2 Bb4 8. 0-0 Nge7 9. Bf4 0-0 10. Rc1 Be6 11. Qa4 a6 12. Rfd1 b5 13. Qc2 Ba5 14. e4 Nb4 15. Qb1 Nd3 16. Rxd3 cxd3 17. Ng5 Bxc3 18. bxc3 h6 19. Nxe6 fxe6 20. Qxd3 Rc8 21. Bh3 Rc6 22. Re1 Ng6 23. Bd2 Qf6 24. f4 Ne7 25. Qe2 b4 26. Qd3 dxe4 27. Rxe4 bxc3 28. Bxc3 Qg6 29. Bd2 Rd8 30. Qe2 Nf5 31. Bg2 Rcd6 32. Bc3 Nxd4 33. Bxd4 Rxd4 34. Rxe6 Qb1+ 35. Bf1 a5 36. Re5 Rd2 37. Qc4+ Kh8 38. Rxa5 Rc2 39. Qb5 Qe1 40. Qb6 Qxf1+ 0-1

[Event "Ruhrgebiet Regionalliga 1718"]
[Site "Germany"]
[Date "2017.11.12"]
[Round "3.3"]
[White "Klasmeier, Jens"]
[Black "Woestmann, Ulrich"]
[Result "1-0"]
[WhiteElo "2095"]
[BlackElo "2001"]
[PlyCount "53"]
[EventDate "2017.10.01"]
[EventType "team-tourn"]
[EventRounds "9"]
[EventCountry "GER"]
[SourceTitle "EXT 2022"]
[Source "ChessBase"]
[SourceDate "2021.10.06"]
[SourceVersion "1"]
[SourceVersionDate "2021.10.06"]
[SourceQuality "1"]
[WhiteTeam "Borbeck Weisse Dame"]
[BlackTeam "Ahlen SV"]
[WhiteTeamCountry "GER"]
[BlackTeamCountry "GER"]

1. e4 c5 2. b3 d6 3. Bb2 Nf6 4. Nc3 g6 5. Nd5 Bg7 6. Nxf6+ exf6 7. Bb5+ Bd7 8. Bxd7+ Qxd7 9. Qf3 Qe7 10. Ne2 Nd7 11. 0-0 0-0 12. Nc3 Nb6 13. a4 a5 14. d3 Rfe8 15. h3 Qd7 16. Rfe1 Re7 17. Nb5 Re6 18. d4 Rae8 19. dxc5 dxc5 20. Rad1 Qc6 21. Bc3 h6 22. Bxa5 f5 23. exf5 Qxf3 24. gxf3 Rxe1+ 25. Rxe1 Rxe1+ 26. Bxe1 gxf5 27. Nd6 1-0

[Event "Ruhrgebiet Regionalliga 1718"]
[Site "Germany"]
[Date "2017.10.22"]
[Round "2.3"]
[White "Matzat, Andre"]
[Black "Klasmeier, Jens"]
[Result "1/2-1/2"]
[WhiteElo "2057"]
[BlackElo "2095"]
[PlyCount "106"]
[EventDate "2017.10.01"]
[EventType "team-tourn"]
[EventRounds "9"]
[EventCountry "GER"]
[SourceTitle "EXT 2022"]
[Source "ChessBase"]
[SourceDate "2021.10.06"]
[SourceVersion "1"]
[SourceVersionDate "2021.10.06"]
[SourceQuality "1"]
[WhiteTeam "Oberhausen SV II"]
[BlackTeam "Borbeck Weisse Dame"]
[WhiteTeamCountry "GER"]
[BlackTeamCountry "GER"]

1. d4 f5 2. Bf4 Nf6 3. e3 g6 4. h4 h6 5. Nc3 Bg7 6. Bc4 d6 7. Qf3 Nh5 8. 0-0-0 c6 9. Nge2 d5 10. Bd3 Be6 11. g4 fxg4 12. Bxg6+ Kd7 13. Qg2 Nf6 14. Be5 Kc8 15. Nf4 Qg8 16. Bd3 Bf7 17. Bf5+ Nbd7 18. Bxf6 Bxf6 19. Qxg4 Qxg4 20. Bxg4 Kc7 21. Bh5 Bxh5 22. Nxh5 Rhg8 23. Nxf6 Nxf6 24. Rhg1 Ng4 25. Rg2 Nf6 26. Rdg1 Rxg2 27. Rxg2 Rg8 28. Rxg8 Nxg8 29. Ne2 Kd6 30. Kd2 e5 31. f3 Ne7 32. Ng3 Ng6 33. h5 Ne7 34. Kd3 exd4 35. Kxd4 c5+ 36. Kd3 b5 37. c3 Ke6 38. b3 Nc6 39. f4 c4+ 40. Kd2 cxb3 41. axb3 a5 42. Kd3 Ne7 43. Kd4 Nc6+ 44. Kc5 a4 45. bxa4 bxa4 46. Ne2 Na5 47. Nd4+ Kf6 48. Kxd5 a3 49. Nc2 a2 50. Na1 Kf5 51. e4+ Kxf4 52. e5 Kf5 53. c4 Nxc4 1/2-1/2

[Event "Ruhrgebiet Regionalliga 1516"]
[Site "Germany"]
[Date "2015.12.06"]
[Round "4.4"]
[White "Kemna, Guido"]
[Black "Klasmeier, Jens"]
[Result "0-1"]
[WhiteElo "2157"]
[BlackElo "2049"]
[PlyCount "68"]
[EventDate "2015.09.13"]
[EventType "team-tourn"]
[EventRounds "9"]
[EventCountry "GER"]
[SourceTitle "EXT 2022"]
[Source "ChessBase"]
[SourceDate "2021.10.06"]
[SourceVersion "1"]
[SourceVersionDate "2021.10.06"]
[SourceQuality "1"]
[WhiteTeam "Welper SV"]
[BlackTeam "Borbeck Weisse Dame"]
[WhiteTeamCountry "GER"]
[BlackTeamCountry "GER"]

1. e4 e5 2. Nf3 Nc6 3. d4 exd4 4. Nxd4 Nf6 5. Nc3 Bb4 6. Nxc6 bxc6 7. Bd3 d6 8. Bg5 h6 9. Bh4 Be6 10. 0-0 g5 11. Bg3 h5 12. h4 Ng4 13. hxg5 Bxc3 14. bxc3 Qxg5 15. Qc1 Qc5 16. Bh4 Kd7 17. Kh1 Qxc3 18. Qg5 Rae8 19. g3 Nxf2+ 20. Kg2 Nxd3 21. cxd3 Qxd3 22. Rae1 Qb5 23. Qd2 Qc4 24. Rf2 Rhg8 25. Qa5 Rg4 26. Qxh5 Rxe4 27. Rd1 Rg8 28. Kh2 Rgg4 29. Bf6 Re2 30. Rd2 Rxd2 31. Rxd2 Rg8 32. Bh4 Qg4 33. Qh6 Qh3+ 34. Kg1 Rxg3+ 0-1

[Event "Ruhrgebiet Regionalliga 1415"]
[Site "Germany"]
[Date "2014.11.23"]
[Round "3.4"]
[White "Dargel, Manuel"]
[Black "Klasmeier, Jens"]
[Result "1-0"]
[WhiteElo "2169"]
[BlackElo "2072"]
[PlyCount "82"]
[EventDate "2014.09.28"]
[EventType "team-tourn"]
[EventRounds "9"]
[EventCountry "GER"]
[SourceTitle "EXT 2022"]
[Source "ChessBase"]
[SourceDate "2021.10.06"]
[SourceVersion "1"]
[SourceVersionDate "2021.10.06"]
[SourceQuality "1"]
[WhiteTeam "Hamm Koenigsspringer"]
[BlackTeam "Borbeck Weisse Dame"]
[WhiteTeamCountry "GER"]
[BlackTeamCountry "GER"]

1. c4 e5 2. g3 Nc6 3. Bg2 Bc5 4. Nc3 d6 5. e3 Nge7 6. Nge2 0-0 7. 0-0 Bg4 8. h3 Bh5 9. g4 Bg6 10. d4 Bb6 11. d5 Nb8 12. e4 h5 13. Na4 c6 14. Nxb6 Qxb6 15. Be3 Qb4 16. b3 cxd5 17. a3 Qa5 18. b4 Qa6 19. cxd5 Nd7 20. Ng3 hxg4 21. hxg4 Rac8 22. g5 f5 23. gxf6 Nxf6 24. Bh3 Rc3 25. Qd2 Qc4 26. f3 Rd3 27. Qe2 Qb3 28. Bg5 Bf7 29. Qg2 Nexd5 30. Nf5 g6 31. exd5 Nxd5 32. Nxd6 Qc3 33. Ne4 Qd4+ 34. Kh1 Ne3 35. Bxe3 Qxe3 36. Ng5 Rd2 37. Qg3 Bd5 38. Rae1 Re2 39. Rd1 Bxf3+ 40. Rxf3 Rxf3 41. Nxf3 Kg7 1-0

[Event "Ruhrgebiet Regionalliga 1314"]
[Site "Ruhrgebiet"]
[Date "2014.03.23"]
[Round "8.5"]
[White "Boehm, Malte"]
[Black "Klasmeier, Jens"]
[Result "1/2-1/2"]
[WhiteElo "1986"]
[BlackElo "2071"]
[PlyCount "32"]
[EventDate "2013.09.22"]
[EventType "team-tourn"]
[EventRounds "9"]
[EventCountry "GER"]
[SourceTitle "EXT 2024"]
[Source "ChessBase"]
[SourceDate "2023.10.10"]
[SourceVersion "1"]
[SourceVersionDate "2023.10.10"]
[SourceQuality "1"]
[WhiteTeam "Brackel"]
[BlackTeam "Borbeck Weisse Dame"]
[WhiteTeamCountry "GER"]
[BlackTeamCountry "GER"]

1. e4 d5 2. exd5 Nf6 3. d4 Nxd5 4. Nf3 g6 5. Nc3 Bg7 6. Nxd5 Qxd5 7. c3 Nc6 8. Be3 e5 9. dxe5 Qxd1+ 10. Rxd1 Nxe5 11. Nxe5 Bxe5 12. Bc4 0-0 13. 0-0 Bf5 14. Rd2 Rad8 15. Rfd1 Rxd2 16. Rxd2 a6 1/2-1/2

[Event "Ruhrgebiet Regionalliga 1314"]
[Site "Ruhrgebiet"]
[Date "2014.03.02"]
[Round "7.5"]
[White "Klasmeier, Jens"]
[Black "Kiese, Matthias"]
[Result "1/2-1/2"]
[WhiteElo "2071"]
[BlackElo "2121"]
[PlyCount "127"]
[EventDate "2013.09.22"]
[EventType "team-tourn"]
[EventRounds "9"]
[EventCountry "GER"]
[SourceTitle "EXT 2024"]
[Source "ChessBase"]
[SourceDate "2023.10.10"]
[SourceVersion "1"]
[SourceVersionDate "2023.10.10"]
[SourceQuality "1"]
[WhiteTeam "Borbeck Weisse Dame"]
[BlackTeam "Bochum II"]
[WhiteTeamCountry "GER"]
[BlackTeamCountry "GER"]

1. e4 c5 2. Nc3 d6 3. f4 g6 4. Nf3 Bg7 5. Bc4 Nc6 6. 0-0 e6 7. d3 Nge7 8. Qe1 Nd4 9. Nxd4 cxd4 10. Ne2 0-0 11. Qf2 d5 12. Bb3 a5 13. a3 a4 14. Ba2 Nc6 15. e5 f6 16. exf6 Bxf6 17. c3 dxc3 18. bxc3 Bg7 19. Be3 Ne5 20. Qg3 Nc6 21. Bc5 Rf7 22. Rab1 Ra6 23. Qe3 Bf8 24. d4 Na5 25. Qd3 Bxc5 26. dxc5 Qf8 27. Qe3 Rc7 28. f5 Qxc5 29. Qxc5 Rxc5 30. fxg6 hxg6 31. Rf6 e5 32. Rxa6 bxa6 33. Rb6 Kg7 34. Bb1 Rb5 35. Rxg6+ Kf7 36. Bd3 Rb2 37. Rd6 e4 38. Bxa6 Bxa6 39. Rxa6 Nc4 40. Nf4 e3 41. Ra7+ Ke8 42. h4 Ne5 43. Rxa4 Rb1+ 44. Kh2 Rf1 45. Kg3 Nc4 46. Rb4 Nd2 47. Nd3 Ne4+ 48. Kg4 e2 49. h5 Nf2+ 50. Kf3 Nxd3+ 51. Kxe2 Nxb4 52. Kxf1 Na2 53. a4 Nxc3 54. a5 Kf7 55. a6 Nb5 56. Ke2 Kf6 57. Kd3 Kg5 58. g4 Kh6 59. Ke3 Kg5 60. Kf2 Na7 61. Kf3 Nc6 62. Ke3 d4+ 63. Kd2 Kh6 64. Ke2 1/2-1/2

[Event "Ruhrgebiet Regionalliga 1314"]
[Site "Ruhrgebiet"]
[Date "2013.10.20"]
[Round "2.4"]
[White "Klasmeier, Jens"]
[Black "Himmel, Hansjoerg"]
[Result "1-0"]
[WhiteElo "2071"]
[BlackElo "2124"]
[PlyCount "74"]
[EventDate "2013.09.22"]
[EventType "team-tourn"]
[EventRounds "9"]
[EventCountry "GER"]
[SourceTitle "EXT 2024"]
[Source "ChessBase"]
[SourceDate "2023.10.10"]
[SourceVersion "1"]
[SourceVersionDate "2023.10.10"]
[SourceQuality "1"]
[WhiteTeam "Borbeck Weisse Dame"]
[BlackTeam "Kamen"]
[WhiteTeamCountry "GER"]
[BlackTeamCountry "GER"]

1. e4 c5 2. Nf3 Nc6 3. Bb5 e6 4. Nc3 Nge7 5. 0-0 a6 6. Bxc6 Nxc6 7. d4 cxd4 8. Nxd4 d6 9. Re1 Be7 10. Nxc6 bxc6 11. e5 d5 12. Qg4 Kf8 13. Ne2 h5 14. Qf3 g6 15. c4 Kg7 16. cxd5 cxd5 17. Be3 Bd7 18. Rec1 Bb5 19. Nd4 Qd7 20. Nb3 Rhc8 21. Nc5 Qe8 22. b3 a5 23. a4 Bc6 24. Qf4 Rab8 25. Bd2 d4 26. Bxa5 Ba8 27. Na6 Rxb3 28. Qxd4 Bg5 29. Nc7 Qe7 30. f4 Rd8 31. Qc4 Rb2 32. Nxa8 Rxa8 33. Bc3 Rxg2+ 34. Kxg2 Qb7+ 35. Kg1 Rc8 36. Qd4 Rd8 37. Qe3 Be7 1-0

[Event "Ruhrgebiet Regionalliga 1213"]
[Site "Nordrheinwestfalen"]
[Date "2013.02.10"]
[Round "6.5"]
[White "Klasmeier, Jens"]
[Black "Schriewer, Thomas"]
[Result "0-1"]
[WhiteElo "2090"]
[BlackElo "1988"]
[PlyCount "56"]
[EventDate "2012.09.09"]
[EventType "team-tourn"]
[EventRounds "9"]
[EventCountry "GER"]
[SourceTitle "EXT 2020"]
[Source "ChessBase"]
[SourceDate "2019.10.17"]
[SourceVersion "1"]
[SourceVersionDate "2019.10.17"]
[SourceQuality "1"]
[WhiteTeam "Weisse Dame Borbeck"]
[BlackTeam "Herne Sodingen II"]
[WhiteTeamCountry "GER"]
[BlackTeamCountry "GER"]

1. e4 c5 2. Nf3 Nc6 3. d4 cxd4 4. Nxd4 Nf6 5. Nc3 e5 6. Ndb5 d6 7. Bg5 a6 8. Na3 b5 9. Bxf6 gxf6 10. Nd5 f5 11. Bxb5 axb5 12. Nxb5 Ra4 13. b4 Rxb4 14. Nbc7+ Kd7 15. 0-0 Rg8 16. Qh5 Qg5 17. Qxf7+ Be7 18. g3 Rb7 19. Nxe7 Nxe7 20. Nd5 Qg7 21. Qh5 Nxd5 22. exd5 Qg6 23. Qe2 f4 24. Rab1 Rc7 25. Rb6 Rxc2 26. Qb5+ Ke7 27. Re1 Qf6 28. Re2 Rc1+ 0-1

[Event "Ruhrgebiet Regionalliga 1213"]
[Site "Nordrheinwestfalen"]
[Date "2013.01.27"]
[Round "5.5"]
[White "Klasmeier, Jens"]
[Black "Koerber, Matthias"]
[Result "1/2-1/2"]
[WhiteElo "2090"]
[BlackElo "2060"]
[PlyCount "47"]
[EventDate "2012.09.09"]
[EventType "team-tourn"]
[EventRounds "9"]
[EventCountry "GER"]
[SourceTitle "EXT 2020"]
[Source "ChessBase"]
[SourceDate "2019.10.17"]
[SourceVersion "1"]
[SourceVersionDate "2019.10.17"]
[SourceQuality "1"]
[WhiteTeam "Weisse Dame Borbeck"]
[BlackTeam "Wattenscheid SV III"]
[WhiteTeamCountry "GER"]
[BlackTeamCountry "GER"]

1. e4 c5 2. c3 d5 3. exd5 Qxd5 4. d4 Nc6 5. Nf3 Bg4 6. Be2 e6 7. 0-0 cxd4 8. cxd4 Nf6 9. Nc3 Qd8 10. Be3 Be7 11. h3 Bh5 12. g4 Bg6 13. Ne5 0-0 14. Nxg6 hxg6 15. Bf3 Qd7 16. d5 Ne5 17. dxe6 Nxf3+ 18. Qxf3 Qxe6 19. Rfe1 Qa6 20. Bxa7 Ba3 21. Bd4 Bxb2 22. Rab1 Bxc3 23. Bxc3 Qc6 24. Qxc6 1/2-1/2

[Event "Ruhrgebiet Regionalliga 1213"]
[Site "Nordrheinwestfalen"]
[Date "2012.10.14"]
[Round "2.4"]
[White "Klasmeier, Jens"]
[Black "Khasin, Abram Iosifovich"]
[Result "1-0"]
[WhiteElo "2090"]
[BlackElo "2165"]
[PlyCount "87"]
[EventDate "2012.09.09"]
[EventType "team-tourn"]
[EventRounds "9"]
[EventCountry "GER"]
[SourceTitle "EXT 2020"]
[Source "ChessBase"]
[SourceDate "2019.10.17"]
[SourceVersion "1"]
[SourceVersionDate "2019.10.17"]
[SourceQuality "1"]
[WhiteTeam "Weisse Dame Borbeck"]
[BlackTeam "Holsterhausen SK"]
[WhiteTeamCountry "GER"]
[BlackTeamCountry "GER"]

1. e4 c5 2. Nf3 e6 3. b3 Nf6 4. e5 Nd5 5. Bb2 Be7 6. g3 0-0 7. Bg2 Nc6 8. 0-0 d6 9. c4 Nc7 10. exd6 Qxd6 11. Nc3 Qd8 12. Re1 Bf6 13. Rb1 b6 14. d4 Nxd4 15. Nxd4 cxd4 16. Ne4 Be7 17. Qxd4 Qxd4 18. Bxd4 Bd7 19. Be5 Ne8 20. c5 Rc8 21. Red1 Bc6 22. b4 bxc5 23. bxc5 Bxe4 24. Bxe4 Rxc5 25. Bd4 Rc4 26. Rb7 Bf6 27. Bxa7 Rxe4 28. Bc5 Rc4 29. Bxf8 Kxf8 30. Rdd7 Rc8 31. Rxf7+ Kg8 32. Rfd7 h5 33. a4 Bc3 34. Kg2 e5 35. Kh3 e4 36. Re7 Bf6 37. Red7 g5 38. Rb4 g4+ 39. Kg2 Bc3 40. Rbb7 Ba5 41. Rd5 Bd8 42. Rxh5 Nd6 43. Rd7 Nc4 44. Rd4 1-0

[Event "Ruhrgebiet Regionalliga 1213"]
[Site "Nordrheinwestfalen"]
[Date "2012.09.09"]
[Round "1.4"]
[White "Boehm, Joachim"]
[Black "Klasmeier, Jens"]
[Result "1-0"]
[WhiteElo "2190"]
[BlackElo "2090"]
[PlyCount "77"]
[EventDate "2012.09.09"]
[EventType "team-tourn"]
[EventRounds "9"]
[EventCountry "GER"]
[SourceTitle "EXT 2020"]
[Source "ChessBase"]
[SourceDate "2019.10.17"]
[SourceVersion "1"]
[SourceVersionDate "2019.10.17"]
[SourceQuality "1"]
[WhiteTeam "Horst Emscher"]
[BlackTeam "Weisse Dame Borbeck"]
[WhiteTeamCountry "GER"]
[BlackTeamCountry "GER"]

1. d4 Nf6 2. Nf3 g6 3. Nbd2 Bg7 4. e4 d6 5. Bd3 0-0 6. 0-0 Nbd7 7. Re1 e5 8. c3 Re8 9. a4 Nh5 10. Nf1 h6 11. Ng3 Nf4 12. Bxf4 exf4 13. Nf1 Nf8 14. h3 g5 15. Qb3 h5 16. Bc4 Be6 17. N1h2 Bxc4 18. Qxc4 Re6 19. Qd5 Rg6 20. Qf5 Ne6 21. e5 d5 22. Rad1 Bh6 23. g4 fxg3 24. fxg3 Ng7 25. Qc2 g4 26. Nh4 Rg5 27. hxg4 Qd7 28. Rf1 hxg4 29. Rf6 Rh5 30. e6 Nxe6 31. Rxh6 Rxh6 32. Nxg4 Rxh4 33. Nf6+ Kg7 34. Nxd7 Rh3 35. Qf2 Rah8 36. Qf6+ Kg8 37. Rf1 Rxg3+ 38. Kf2 Rg6 39. Qe7 1-0

[Event "Ruhrgebiet Regionalliga 1011"]
[Site "Nordrheinwestfalen"]
[Date "2011.05.08"]
[Round "9.7"]
[White "Jacubowski, Andreas"]
[Black "Klasmeier, Jens"]
[Result "0-1"]
[WhiteElo "1942"]
[BlackElo "2045"]
[PlyCount "58"]
[EventDate "2010.09.19"]
[EventType "team-tourn"]
[EventRounds "9"]
[EventCountry "GER"]
[SourceTitle "EXT 2020"]
[Source "ChessBase"]
[SourceDate "2019.10.17"]
[SourceVersion "1"]
[SourceVersionDate "2019.10.17"]
[SourceQuality "1"]
[WhiteTeam "Horst Emscher"]
[BlackTeam "Weisse Dame Borbeck"]
[WhiteTeamCountry "GER"]
[BlackTeamCountry "GER"]

1. e4 d6 2. d4 g6 3. f4 Bg7 4. Nf3 c6 5. Nc3 Bg4 6. Be2 Qb6 7. e5 Nd7 8. a4 a5 9. Ra3 Nh6 10. Rb3 Qc7 11. Be3 Rd8 12. exd6 exd6 13. 0-0 Bxf3 14. Bxf3 d5 15. Ne2 Nf5 16. Ng3 Nxg3 17. hxg3 0-0 18. Qd2 Rfe8 19. Bf2 Nf6 20. Re1 Ne4 21. Bxe4 Rxe4 22. Rxe4 dxe4 23. Be3 Qd7 24. Qxa5 Bxd4 25. Qe1 c5 26. a5 Qd5 27. Bxd4 cxd4 28. Ra3 Rc8 29. Qe2 Qc5 0-1

[Event "Ruhrgebiet Regionalliga 1011"]
[Site "Nordrheinwestfalen"]
[Date "2011.04.03"]
[Round "8.8"]
[White "Markert, Dirk"]
[Black "Klasmeier, Jens"]
[Result "0-1"]
[WhiteElo "1872"]
[BlackElo "2045"]
[PlyCount "74"]
[EventDate "2010.09.19"]
[EventType "team-tourn"]
[EventRounds "9"]
[EventCountry "GER"]
[SourceTitle "EXT 2020"]
[Source "ChessBase"]
[SourceDate "2019.10.17"]
[SourceVersion "1"]
[SourceVersionDate "2019.10.17"]
[SourceQuality "1"]
[WhiteTeam "Kamen SV"]
[BlackTeam "Weisse Dame Borbeck"]
[WhiteTeamCountry "GER"]
[BlackTeamCountry "GER"]

1. e4 c5 2. Nc3 Nc6 3. g3 g6 4. Bg2 Bg7 5. d3 e6 6. Be3 d6 7. Qd2 Rb8 8. a4 a6 9. Nge2 Nd4 10. 0-0 Ne7 11. Nd1 Nxe2+ 12. Qxe2 0-0 13. c3 b5 14. f4 Qa5 15. g4 bxa4 16. Qf2 f5 17. gxf5 exf5 18. e5 dxe5 19. Bxc5 Re8 20. fxe5 Bxe5 21. d4 Bf6 22. Re1 Bd7 23. Qf4 Qd8 24. Bd6 Rc8 25. Nf2 g5 26. Qd2 Ng6 27. Bb7 Rc6 28. Bc5 Nh4 29. Qd3 g4 30. Re2 Nf3+ 31. Kg2 Qc7 32. Rxe8+ Bxe8 33. Bxc6 Bxc6 34. d5 Qxh2+ 35. Kf1 Bb5 36. Qxb5 axb5 37. d6 Qg1+ 0-1

[Event "Ruhrgebiet Regionalliga 1011"]
[Site "Nordrheinwestfalen"]
[Date "2011.03.06"]
[Round "7.7"]
[White "Boehm, Malte"]
[Black "Klasmeier, Jens"]
[Result "1-0"]
[WhiteElo "1933"]
[BlackElo "2045"]
[PlyCount "67"]
[EventDate "2010.09.19"]
[EventType "team-tourn"]
[EventRounds "9"]
[EventCountry "GER"]
[SourceTitle "EXT 2020"]
[Source "ChessBase"]
[SourceDate "2019.10.17"]
[SourceVersion "1"]
[SourceVersionDate "2019.10.17"]
[SourceQuality "1"]
[WhiteTeam "Brackel SF"]
[BlackTeam "Weisse Dame Borbeck"]
[WhiteTeamCountry "GER"]
[BlackTeamCountry "GER"]

1. Nf3 Nf6 2. g3 g6 3. b3 d6 4. d4 Bg7 5. Bb2 Bf5 6. Bg2 Qc8 7. Nbd2 Bh3 8. 0-0 Bxg2 9. Kxg2 Qf5 10. e4 Nxe4 11. Nh4 Qe6 12. Re1 f5 13. f3 g5 14. d5 Bxb2 15. dxe6 Nc3 16. Nxf5 Nxd1 17. Raxd1 Bc3 18. Re4 Nc6 19. Rg4 Bxd2 20. Rxd2 h6 21. f4 gxf4 22. Rxf4 0-0-0 23. Rh4 Rdf8 24. Rf2 Kd8 25. Nxh6 Rxf2+ 26. Kxf2 Ne5 27. Nf5 Rf8 28. Kg2 c5 29. Rf4 Rf6 30. Nxd6 Rxf4 31. Nxb7+ Kc7 32. gxf4 Ng6 33. Nxc5 Kd6 34. Nd3 1-0

[Event "Ruhrgebiet Regionalliga 1011"]
[Site "Nordrheinwestfalen"]
[Date "2010.12.12"]
[Round "4.8"]
[White "Klasmeier, Jens"]
[Black "Przybela, Josef Franz"]
[Result "1-0"]
[WhiteElo "2045"]
[BlackElo "1683"]
[PlyCount "29"]
[EventDate "2010.09.19"]
[EventType "team-tourn"]
[EventRounds "9"]
[EventCountry "GER"]
[SourceTitle "EXT 2020"]
[Source "ChessBase"]
[SourceDate "2019.10.17"]
[SourceVersion "1"]
[SourceVersionDate "2019.10.17"]
[SourceQuality "1"]
[WhiteTeam "Weisse Dame Borbeck"]
[BlackTeam "Koenigsspringer Hamm"]
[WhiteTeamCountry "GER"]
[BlackTeamCountry "GER"]

1. Nc3 d5 2. e4 dxe4 3. Nxe4 e6 4. d4 Be7 5. Nf3 Nf6 6. Bd3 0-0 7. Qe2 Nc6 8. Nxf6+ Bxf6 9. Qe4 g6 10. c3 Re8 11. Ne5 Nxe5 12. dxe5 Bg7 13. 0-0 Bxe5 14. Qxe5 Qxd3 15. Bh6 1-0

[Event "Ruhrgebiet Regionalliga 1011"]
[Site "Nordrheinwestfalen"]
[Date "2010.11.21"]
[Round "3.7"]
[White "Klasmeier, Jens"]
[Black "Wewers, Reinhard"]
[Result "1-0"]
[WhiteElo "2045"]
[BlackElo "2085"]
[PlyCount "63"]
[EventDate "2010.09.19"]
[EventType "team-tourn"]
[EventRounds "9"]
[EventCountry "GER"]
[SourceTitle "EXT 2020"]
[Source "ChessBase"]
[SourceDate "2019.10.17"]
[SourceVersion "1"]
[SourceVersionDate "2019.10.17"]
[SourceQuality "1"]
[WhiteTeam "Weisse Dame Borbeck"]
[BlackTeam "Essen Ueberruhr"]
[WhiteTeamCountry "GER"]
[BlackTeamCountry "GER"]

1. f4 d5 2. b3 Nf6 3. Bb2 c6 4. e3 Bg4 5. Be2 Bxe2 6. Qxe2 Nbd7 7. Nf3 e6 8. d3 Qc7 9. Nbd2 Bd6 10. g4 0-0-0 11. g5 Ne8 12. 0-0-0 Qa5 13. Kb1 Ba3 14. Ba1 Nc7 15. c3 c5 16. Kc2 Kb8 17. Nb1 c4 18. Nxa3 Qxa3 19. dxc4 dxc4 20. Qxc4 Nd5 21. Rxd5 exd5 22. Qxd5 f6 23. Nd4 Nc5 24. Qf5 Rxd4 25. exd4 Qxa2+ 26. Bb2 Re8 27. Qxc5 Re2+ 28. Kd3 Qxb2 29. Qf8+ Kc7 30. Qxg7+ Kd6 31. Qxf6+ Re6 32. Qd8+ 1-0